000 00474nam a2200193Ia 4500
005 20250425160940.0
008 250425s9999 xx 000 0 und d
041 _aeng
082 _a621.38104
100 _aLENK, JOHN D.
245 0 _aDATA BOOK FOR ELECTRONIC TECHNICIANS AND ENGINEERS
250 _a1ST ED.
260 _aENGLEWOOD
260 _aEstados Unidos
_bPRENTICE HALL
_c1968
300 _a185
650 _aELECTRONICA
942 _c01
010 _a9080
999 _c199471
_d199471